Statystyki dla Piłkarze którzy grali zarówno w Bayernie Monachium i Borussi Dortmund

Kliknij tutaj aby rozwiązać quiz!

Ogólne statystyki

  • Ten quiz został rozwiązany 159 razy
    (60 od ostatniego zresetowania)
  • Średni wynik to 4 z 14

Statystyki odpowiedzi

Piłkarz% Poprawnych
Mats Hummels
91%
Robert Lewandowski
91%
Niklas Sule
66%
Mario Goetze
47%
Marcel Sabitzer
26%
Emre Can
21%
Sebastian Rode
17%
Ivan Perisić
5%
Jurgen Kohler
5%
Stefan Reuter
3%
Harald Schumacher
2%
Torsten Frings
2%
Raphael Guerreiro
0%
Robert Kovać
0%

Rozkład punktacji

Percentyl według liczby udzielonych odpowiedzi

Procent ludzi z każdym wynikiem

Twoja historia wyników

Nie rozwiązałeś tego quizu od ostatniego zresetowania